Influencia de la tutoría entre iguales en el desarrollo de la comprensión y el autoconcepto lector (Record no. 169477)
[ view plain ]
| 000 -CABECERA | |
|---|---|
| campo de control de longitud fija | 00758nab a2200253 a 4500 |
| 005 - FECHA Y HORA DE LA ÚLTIMA TRANSACCIÓN | |
| campo de control | 20210223132349.0 |
| 008 - ELEMENTOS DE LONGITUD FIJA--INFORMACIÓN GENERAL | |
| campo de control de longitud fija | 991125s1985 mx 000 0 spa u |
| 035 ## - NÚMERO DE CONTROL DEL SISTEMA | |
| Número de control de sistema | UPN01000197376 |
| 049 ## - COLECCIÓN | |
| Colección | ART |
| 100 1# - ASIENTO PRINCIPAL--NOMBRE PERSONAL | |
| Nombre de persona | Durán, David |
| 9 (RLIN) | 39378 |
| 100 1# - ASIENTO PRINCIPAL--NOMBRE PERSONAL | |
| Filiación | david.duran@aub.cat |
| 222 ## - TÍTULO CLAVE | |
| Título clave | INVESTIGACION EN LA ESCUELA |
| 245 ## - MENCIÓN DE TÍTULO | |
| Título | Influencia de la tutoría entre iguales en el desarrollo de la comprensión y el autoconcepto lector |
| 260 ## - PUBLICACIÓN, DISTRIBUCIÓN, ETC. | |
| Lugar de publicación, distribución, etc. | Sevilla, España |
| 300 ## - DESCRIPCIÓN FÍSICA | |
| Extensión | 67-78 |
| 362 0# - FECHAS DE PUBLICACIÓN Y/O DESIGNACIÓN SECUENCIAL | |
| Fecha de publicación y/o designación secuencial | 2013 No. 81 |
| 653 0# - TERMINO DE INDIZACION - NO CONTROLADO | |
| Término no controlado | TUTORIA ENTRE IGUALES |
| 653 0# - TERMINO DE INDIZACION - NO CONTROLADO | |
| Término no controlado | COMPRENSION LECTORA |
| 653 0# - TERMINO DE INDIZACION - NO CONTROLADO | |
| Término no controlado | AUTOCONCEPTO LECTOR |
| 653 0# - TERMINO DE INDIZACION - NO CONTROLADO | |
| Término no controlado | APRENDIZAJE COOPERATIVO |
| 700 1# - ASIENTO SECUNDARIO--NOMBRE DE PERSONAL | |
| Nombre de persona | Flores, Marta, |
| Término indicativo de función/relación | coaut. |
| 700 1# - ASIENTO SECUNDARIO--NOMBRE DE PERSONAL | |
| Filiación | marta.flores@uab.cat |
| 905 ## - TIPO DE MATERIAL | |
| Tipo de material | Articulo |
No items available.
